| 000 | 00540nam a2200193Ia 4500 | ||
|---|---|---|---|
| 005 | 20250508155339.0 | ||
| 008 | 008 250505s9999 xx 000 0 hin d | ||
| 037 | _aTextual | ||
| 040 |
_aFEDL _beng _cFEDL |
||
| 041 |
_ahin _2eng |
||
| 084 |
_a155.4, MEH _qFEDL |
||
| 100 |
_aMehrotra Ram Murti _9408841 |
||
| 245 | 0 | _aBachchon ki aadaton ka vikas | |
| 260 |
_aNew Delhi, India _bVidha Mandir _c1949 |
||
| 300 | _a160p | ||
| 650 |
_aChilld psychology _9755560 |
||
| 942 |
_cTEXL _h155.4, MEH |
||
| 999 |
_c1356228 _d1356228 |
||